000
00321nam a22001457a 4500
008
210312b ||||| |||| 00| 0 eng d
020
_a
9781416600305
041
_a
eng
080
_2
2nd
_a
616.8
082
_a
616.8
100
_a
7
101
_a
TRU
245
_a
Teaching with brain mind
_c
Jensen, E
942
_2
udc
_c
BK
999
_c
56511
_d
56511